| 000 | 01563nam a2200373 c 4500 | ||
|---|---|---|---|
| 003 | BLK | ||
| 005 | 20180420215009.0 | ||
| 008 | 180412b bul|||||r ||||||| ||bul|| | ||
| 010 | _aKNG00016614000 | ||
| 020 |
_a954-430-479-7 _bиздат.: Акад. изд. Проф. Марин Дринов |
||
| 040 | _aBLK | ||
| 041 |
_aBUL _cBUL |
||
| 080 |
_aЛитература на отделни езици и езикови семейства _b821 _x(092) _z821(092) |
||
| 080 |
_aЛитература на отделни езици и езикови семейства _b821 _x-2.09 _z821-2.09 |
||
| 080 |
_aТеатър. Сценично изкуство. Вж 725.82; 782; 82-2 _b792 _x.03(100) _z792.03(100) |
||
| 080 |
_aБиографии _b929 _x _z929 |
||
| 100 | 1 |
_aВучков, Юлиан Димитров _eпърви автор _9249568 |
|
| 139 |
_aВучков, Юлиан Димитров _bВ 89 |
||
| 245 | 1 | 0 |
_aКратка история на световната драматургия _cЮлиан Димитров Вучков. |
| 257 | _aBGR | ||
| 260 |
_аСофия _bАкад. изд. Проф. Марин Дринов _c1997 |
||
| 300 |
_a543 с. _c24 см |
||
| 380 | _a82 | ||
| 500 | _aДеп. списък: 12 ; 230 тир | ||
| 650 | 4 |
_aДраматургия - история _9259686 |
|
| 650 | 4 |
_aДраматурзи _9153749 |
|
| 653 | _aистория | ||
| 653 | _aдраматургия | ||
| 852 | _aЦб 191970 | ||
| 856 | 4 |
_qpdf _u |
|
| 856 | 4 |
_qpdf _u |
|
| 942 |
_cKNG _n0 |
||
| 944 |
_aCR _c15.01.2003 _kКети_Илиева |
||
| 944 |
_aED _c04.01.2006 _k |
||
| 999 |
_c14879 _d14879 |
||